Theoretical qualitative analysis (Record no. 19369)

MARC details
000 -LEADER
fixed length control field 00276nam a2200109Ia 4500
082 ## - DEWEY DECIMAL CLASSIFICATION NUMBER
Classification number 543.061
Item number REE
100 ## - MAIN ENTRY--AUTHOR NAME
Personal name Reedy, J H
245 #0 - TITLE STATEMENT
Title Theoretical qualitative analysis
260 ## - PUBLICATION, DISTRIBUTION, ETC. (IMPRINT)
Place of publication New york
Name of publisher McGraw Hill
Year of publication 1938
942 ## - ADDED ENTRY ELEMENTS (KOHA)
Koha item type Books
Holdings
Withdrawn status Lost status Damaged status Not for loan Home library Current library Date acquired Full call number Accession Number Koha item type
        RRII Library RRII Library 16/12/2021 543.061 REE 00105 Books